Qué significa investigar?: Exorcismo del trabajo de investigación
I tiakina i:
| Kaituhi matua: | |
|---|---|
| Hōputu: | Pukapuka |
| Reo: | Pāniora |
| I whakaputaina: |
Santiago
Fondo de Cultura Económica
2013
|
| Putanga: | 1a. ed |
| Rangatū: | Educación y Pedagogía
|
| Ngā marau: | |
| Ngā Tūtohu: |
Tāpirihia he Tūtohu
Kāore He Tūtohu, Me noho koe te mea tuatahi ki te tūtohu i tēnei pūkete!
|
MARC
| LEADER | 00000cam a2200000 a 4500 | ||
|---|---|---|---|
| 001 | UCE1631 | ||
| 003 | CL-VaPUC | ||
| 008 | 140508e20130000cl |||||||||||||||||spa|d | ||
| 020 | |a 9789562891127 | ||
| 082 | 0 | 4 | |a 001.42 |b GIL |2 21 |
| 100 | |a Gil Villa, Fernando |e author |9 573991 | ||
| 245 | 1 | 0 | |a Qué significa investigar?: Exorcismo del trabajo de investigación |
| 250 | |a 1a. ed | ||
| 300 | |a 193 p | ||
| 942 | |c BK | ||
| 945 | |d 20140508 16:03:00 |a dcastane | ||
| 260 | |a Santiago |b Fondo de Cultura Económica |c 2013 | ||
| 650 | 7 | |a METODOLOGIA CIENTIFICA |2 CL-VaPUC |9 261770 | |
| 650 | 0 | |a Investigación científica |9 259857 | |
| 650 | 0 | |a Métodos de investigación |9 262618 | |
| 583 | |a last modification |c 20140508 16:03:00 |k Rodrigo Vera | ||
| 490 | 0 | |a Educación y Pedagogía | |
| 999 | |c 355371 |d 355369 | ||
| 952 | |0 0 |1 0 |3 erb |4 0 |6 001_420000000000000_GIL_2013 |7 0 |8 A |9 462071 |a BIBEDU |b BIBEDU |i 5074401 |l 3 |m 1 |o 001.42 GIL 2013 |p 5074401 |r 2022-10-17 |s 2022-09-14 |w 2019-11-23 |y BK |z Catalogado en:20140508 |k FIL | ||
| 952 | |0 0 |1 0 |3 erb |4 0 |6 001_420000000000000_GIL_2013 |7 0 |8 A |9 462072 |a BIBING |b BIBING |i 5095697 |l 1 |o 001.42 GIL 2013 |p 5095697 |q 2020-09-30 |r 2020-08-03 |s 2020-08-03 |w 2019-11-23 |y BK |z Catalogado en:20140829 |k GEO | ||
| 952 | |0 0 |1 0 |3 erb |4 0 |6 001_420000000000000_GIL_2013 |7 0 |8 A |9 462073 |a BIBEDU |b BIBEDU |i 5358604 |l 1 |o 001.42 GIL 2013 |p 5358604 |r 2025-01-30 |s 2024-11-21 |w 2019-11-23 |y BK |z Catalogado en:20161230 |k EFI | ||
| 952 | |0 0 |1 0 |3 erb |4 0 |6 001_420000000000000_GIL_2013 |7 0 |8 A |9 462074 |a BIBEDU |b BIBEDU |i 5358612 |l 1 |o 001.42 GIL 2013 |p 5358612 |r 2025-03-12 |s 2025-03-12 |w 2019-11-23 |y BK |z Catalogado en:20161230 |k EFI | ||
| 952 | |0 0 |1 0 |3 erb |4 0 |6 001_420000000000000_GIL_2013 |7 0 |8 A |9 462075 |a BIBEDU |b BIBEDU |i 5358620 |o 001.42 GIL 2013 |p 5358620 |r 2019-11-23 |w 2019-11-23 |y BK |z Catalogado en:20161230 |k EFI | ||
| 952 | |0 0 |1 0 |3 erb |4 0 |6 001_420000000000000_GIL_2013 |7 0 |8 A |9 462076 |a BIBEDU |b BIBEDU |i 5361974 |o 001.42 GIL 2013 |p 5361974 |r 2019-11-23 |w 2019-11-23 |y BK |z Catalogado en:20170303 |k EBA | ||